Anatomía de los animales domésticos. tomo 1 /
Guardado en:
| Autor Principal: | |
|---|---|
| Otros Autores: | |
| Formato: | Libro |
| Publicado: |
Barcelona :
Salvat,
1982
|
| Edición: | 5a. ed. |
| Materias: | |
| Etiquetas: |
Agregar Etiqueta
Sin Etiquetas, Sea el primero en etiquetar este registro!
|
| LEADER | 02669nam a22002415a 4500 | ||
|---|---|---|---|
| 001 | CEM.cems016150 | ||
| 008 | 130507s1982##################000#0#####d | ||
| 005 | 20230529163529.0 | ||
| 245 | 1 | 0 | |a Anatomía de los animales domésticos. tomo 1 / |c Septimus Sisson y James D Grossman |
| 250 | |a 5a. ed. | ||
| 260 | |a Barcelona : |b Salvat, |c 1982 | ||
| 300 | |a 1385 p. | ||
| 505 | 0 | |a Introducción general: C. R. Ellenport -- Anatomía en radiología / M. A. Emmerson -- Variación anatómica / L.J. A. Didio -- Osteología general / R. Getty -- Sindesmología general (artrología) / R. Getty -- Miología genral / L. E. St. Clair -- Biostática y biomecánica / D. M. Badoux -- Esplacnología / L. J. A. Didio -- Sistema digestivo: generalidades / S. Sisson -- Sistema respiratorio / W. C. d. Hare -- Sistema urogenital / C. R. Ellenport -- Endocrinología general / W. G. Venzke -- Corazón y vasos sanguíneos / R. Getty -- Sistema linfático / L. I: Saar y R. Getty -- Sistema nervioso / R. Getty -- Organos sensoriales y tegumento común / C. Diesem -- Equinos: introducción / J. R. Rooney -- Osteología de los equinos / R. Getty -- Sindesmología de los equinos / S. Sisson -- Miología de los equinos / S. Sisson -- Sistema digestivo de los equinos / S. Sisson -- Sistema respiratorio de los equinos / W. C. D. Hare -- Sistema urogenital de los equinos / W. G. Venzke -- Corazón y arterias de los equinos / N. G. Ghoshal -- Sistema linfático de los equinos / L. I. Saar y R. Getty -- Sistema nervioso de los equinos / H. D. Dellmann y R. C. McClure -- Organos de los sentidos y tegumento común de los equinos / C, Diessem -- Rumiantes: introducción / R. E. Habel -- Osteología de los rumiantes / S. Sisson -- Sindesmología de los rumiantes / S. Sisson -- Miología de los rumiantes / R. Getty -- Sistema digestivo de los rumiantes / R. E. Habel -- Sistema respiratorio de los rumiantes / W. C. D. Hare -- Sistema urogenital de los rumiantes / S. Sisson -- Endocrinología de los rumiantes / W. G: Venzke -- Arterias y corazón de los rumiantes / N. G: Ghoshal -- Sistema linfático de los rumiantes / L. I: Saar y R. Getty -- Sistema nervioso de los rumiantes / H. D. Dellmann y R. C. McClure -- Organos de los sentidos de los rumiantes e tegumento común / C. Diessem | |
| 020 | |a 9706111360 | ||
| 100 | 1 | |a Sisson, Septimus | |
| 700 | 1 | |a Grossman, James Daniels | |
| 082 | 0 | 4 | |a C591.4 |
| 653 | |a Anatomía de los animales | ||
| 653 | |a Equinos-anatomía | ||
| 653 | |a Rumiantes | ||
| 653 | |a Rumiantes-anatomía | ||
| 859 | |a CEMS |b BIB. CEMS - Agricultura |h C591.4 |i Si83a5/1 |p A16472.91 |t Ej.1 | ||
| 859 | |a CEMS |b BIB. CEMS - Agricultura |h C591.4 |i Si83a5 |p A0377.02 |t Ej.1 |v I |3 I | ||
